000 00349nam a2200121Ia 4500
008 250110s9999 xx 000 0 und d
041 _aeng
100 _aBapat Tejal
245 _aLandscape Proposal For Pedestrian Friendly Neighbourhood In Pune
260 _bM Arch Landscape BNCA, Pune
_c2015
300 _a70p
700 _aGuide Name:BNCA
_9210479
999 _c363671
_d363671